000 00830nam a2200253Ia 4500
003 OSt
005 20221005112343.0
006 a|||||r|||| 00| 0
007 ta
008 221004b |||||||| |||| 00| 0 pan d
020 _a9789383654789 (hbk)
_c600
024 _a15095
037 _b890, 08/09/2014, H.K. Prakashan
_cTextual
040 _aCRL
_cCRL
_bpan
041 _2pan
_apan
082 _aO153,3NSIx, Q4
100 _aਜਿੰਦਰ, ਥਦ.
245 0 _aਏਨੀ ਮੇਰੀ ਬਾਤ
260 _aਸਮਾਣਾ
_bਸੰਗਮ ਪਬਲੀਕੇFਨਗ਼ ਭਾਰਤ
_c2014
300 _a600ਪੰ
_ccm.
650 _aਪੰਜਾਬੀ ਸਾਹਿਤ
942 _hO153,3NSIx, Q4
_cTEXL
_2cc
999 _c1024644
_d1024644